<?xml version="1.0" encoding="UTF-8"?><?xml-stylesheet type="text/xsl" href="static/style.xsl"?><OAI-PMH xmlns="http://www.openarchives.org/OAI/2.0/" xmlns:xsi="http://www.w3.org/2001/XMLSchema-instance" xsi:schemaLocation="http://www.openarchives.org/OAI/2.0/ http://www.openarchives.org/OAI/2.0/OAI-PMH.xsd"><responseDate>2026-04-17T13:02:43Z</responseDate><request verb="GetRecord" identifier="oai:www.recercat.cat:11351/10166" metadataPrefix="marc">https://recercat.cat/oai/request</request><GetRecord><record><header><identifier>oai:recercat.cat:11351/10166</identifier><datestamp>2025-10-24T10:37:58Z</datestamp><setSpec>com_2072_378070</setSpec><setSpec>com_2072_378040</setSpec><setSpec>col_2072_378092</setSpec></header><metadata><record xmlns="http://www.loc.gov/MARC21/slim" xmlns:dcterms="http://purl.org/dc/terms/" xmlns:xsi="http://www.w3.org/2001/XMLSchema-instance" xmlns:doc="http://www.lyncode.com/xoai" xsi:schemaLocation="http://www.loc.gov/MARC21/slim http://www.loc.gov/standards/marcxml/schema/MARC21slim.xsd">
   <leader>00925njm 22002777a 4500</leader>
   <datafield ind2=" " ind1=" " tag="042">
      <subfield code="a">dc</subfield>
   </datafield>
   <datafield ind2=" " ind1=" " tag="720">
      <subfield code="a">SANDONIS, MIGUEL ANGEL</subfield>
      <subfield code="e">author</subfield>
   </datafield>
   <datafield ind2=" " ind1=" " tag="720">
      <subfield code="a">Temprado Piqueras, Joaquín</subfield>
      <subfield code="e">author</subfield>
   </datafield>
   <datafield ind2=" " ind1=" " tag="720">
      <subfield code="a">Hernandez Fleury, Alina</subfield>
      <subfield code="e">author</subfield>
   </datafield>
   <datafield ind2=" " ind1=" " tag="720">
      <subfield code="a">Parramon Puig, Gemma</subfield>
      <subfield code="e">author</subfield>
   </datafield>
   <datafield ind2=" " ind1=" " tag="720">
      <subfield code="a">Dip Pérez, Maria Emilia</subfield>
      <subfield code="e">author</subfield>
   </datafield>
   <datafield ind2=" " ind1=" " tag="720">
      <subfield code="a">Maiz, Nerea</subfield>
      <subfield code="e">author</subfield>
   </datafield>
   <datafield ind2=" " ind1=" " tag="720">
      <subfield code="a">Brik, Maia</subfield>
      <subfield code="e">author</subfield>
   </datafield>
   <datafield ind2=" " ind1=" " tag="720">
      <subfield code="a">Carreras, Elena</subfield>
      <subfield code="e">author</subfield>
   </datafield>
   <datafield ind2=" " ind1=" " tag="720">
      <subfield code="a">Ramos-Quiroga, Josep Antoni</subfield>
      <subfield code="e">author</subfield>
   </datafield>
   <datafield ind2=" " ind1=" " tag="260">
      <subfield code="c">2023-08-30T06:53:28Z</subfield>
   </datafield>
   <datafield ind2=" " ind1=" " tag="260">
      <subfield code="c">2023-08-30T06:53:28Z</subfield>
   </datafield>
   <datafield ind2=" " ind1=" " tag="260">
      <subfield code="c">2023</subfield>
   </datafield>
   <datafield ind2=" " ind1=" " tag="520">
      <subfield code="a">Anxiety; Birthweight; Perinatal mental health</subfield>
   </datafield>
   <datafield ind2=" " ind1=" " tag="520">
      <subfield code="a">Ansietat; Pes de naixement; Salut mental perinatal</subfield>
   </datafield>
   <datafield ind2=" " ind1=" " tag="520">
      <subfield code="a">Ansiedad; Peso de nacimiento; Salud mental perinatal</subfield>
   </datafield>
   <datafield ind2=" " ind1=" " tag="520">
      <subfield code="a">To explore the effects of antenatal anxiety on fetal growth an observational cohort study was performed, including a cohort of 204 women with singleton pregnancies during the strict lockdown of the COVID-19 pandemic in 2020. Psychosocial factors, maternal demographics, obstetric outcomes, social support (Medical Outcomes Study Social Support Survey, MOS-SSS), and symptoms of anxiety (State-Trait Anxiety Inventory, STAIs and STAIt) and depression (Edinburgh Postpartum Depression Scale, EPDS) were studied as potential predictors of low birth weight. Main outcome measures were birth weight, head circumference and length. Results showed a negative correlation between STAIt score (trait anxiety) and birth weight percentile (r = −0.228, p = .047). In the univariate linear regression analysis, a lower maternal weight and BMI before pregnancy, parity, increased STAIt score and preterm birth below 37 weeks of gestation (p = .008, p = .015, p = .028, p = .047 and p = .022, respectively) were identified as predictive risk factors for low birth weight, whereas in the multivariate lineal regression analysis only a lower maternal weight before pregnancy and an increased STAIt score were independent predictors for low birth weight (p = .020, p = .049, respectively). To conclude, anxiety during pregnancy impacts birth weight, and specifically the trait anxiety, is a predictor for low birth weight.</subfield>
   </datafield>
   <datafield ind2=" " ind1=" " tag="520">
      <subfield code="a">This study was supported by Maternal and Fetal Research Group of Vall d’Hebron Research Institute (VHIR).</subfield>
   </datafield>
   <datafield ind1="8" ind2=" " tag="024">
      <subfield code="a">http://hdl.handle.net/11351/10166</subfield>
   </datafield>
   <datafield tag="653" ind2=" " ind1=" ">
      <subfield code="a">Embaràs</subfield>
   </datafield>
   <datafield tag="653" ind2=" " ind1=" ">
      <subfield code="a">Pes neonatal</subfield>
   </datafield>
   <datafield tag="653" ind2=" " ind1=" ">
      <subfield code="a">Ansietat</subfield>
   </datafield>
   <datafield tag="653" ind2=" " ind1=" ">
      <subfield code="a">PSYCHIATRY AND PSYCHOLOGY::Behavior and Behavior Mechanisms::Emotions::Anxiety</subfield>
   </datafield>
   <datafield tag="653" ind2=" " ind1=" ">
      <subfield code="a">DISEASES::Pathological Conditions, Signs and Symptoms::Signs and Symptoms::Body Weight::Birth Weight</subfield>
   </datafield>
   <datafield tag="653" ind2=" " ind1=" ">
      <subfield code="a">PHENOMENA AND PROCESSES::Reproductive and Urinary Physiological Phenomena::Reproductive Physiological Phenomena::Reproduction::Pregnancy</subfield>
   </datafield>
   <datafield tag="653" ind2=" " ind1=" ">
      <subfield code="a">PSIQUIATRÍA Y PSICOLOGÍA::conducta y mecanismos de la conducta::emociones::ansiedad</subfield>
   </datafield>
   <datafield tag="653" ind2=" " ind1=" ">
      <subfield code="a">ENFERMEDADES::afecciones patológicas, signos y síntomas::signos y síntomas::peso corporal::peso al nacer</subfield>
   </datafield>
   <datafield tag="653" ind2=" " ind1=" ">
      <subfield code="a">FENÓMENOS Y PROCESOS::fenómenos fisiológicos reproductivos y urinarios::fenómenos fisiológicos de la reproducción::reproducción::embarazo</subfield>
   </datafield>
   <datafield ind2="0" ind1="0" tag="245">
      <subfield code="a">Impact of the trait anxiety during pregnancy on birth weight: an observational cohort study</subfield>
   </datafield>
</record></metadata></record></GetRecord></OAI-PMH>